| 000 | 00483nam a2200205Ia 4500 | ||
|---|---|---|---|
| 008 | 210210b1938 xxu||||| |||| 00| 0 eng d | ||
| 041 | _aeng | ||
| 082 | _a536/61 | ||
| 100 | _aHULL (Gordon Ferrie) | ||
| 245 | _aElementary survey of modern physics | ||
| 250 | _a | ||
| 260 |
_aNew York _bThe Macmillan Company _c1938 |
||
| 300 | _a457 | ||
| 650 | _asurvey | ||
| 650 | _aphysics | ||
| 650 | _amodern | ||
| 650 | _aElementary | ||
| 690 | _aModern Physics | ||
| 906 | _a008859 | ||
| 999 |
_c126622 _d126622 |
||